| Tag |
First Indicator |
Second Indicator |
Subfields |
| LEADER |
00000pam a2200000 a 4500 |
| 001 |
in00000088879 |
| 005 |
20160108111431.0 |
| 008 |
800314s1980 nyu j 00011 engm |
| 010 |
|
|
|a 80012968
|
| 020 |
|
|
|a 0395294347
|
| 035 |
|
|
|a (OCoLC)06200273
|
| 035 |
|
|
|9 AAK1966AM
|
| 040 |
|
|
|a DLC
|c DLC
|d m.c.
|d TXA
|d UtOrBLW
|
| 049 |
|
|
|a [Curr Col] TXAM
|c [985425]
|
| 050 |
0 |
0 |
|a PZ7.L5143
|b Pe
|
| 082 |
0 |
|
|a [Fic]
|
| 100 |
1 |
|
|a Lee, Mildred,
|d 1908-
|
| 245 |
1 |
4 |
|a The people therein /
|c Mildred Lee.
|
| 264 |
|
1 |
|a New York :
|b Houghton Mifflin/Clarion Books,
|c [1980]
|
| 264 |
|
4 |
|c ©1980
|
| 300 |
|
|
|a 271 pages ;
|c 24 cm.
|
| 336 |
|
|
|a text
|b txt
|2 rdacontent
|
| 337 |
|
|
|a unmediated
|b n
|2 rdamedia
|
| 338 |
|
|
|a volume
|b nc
|2 rdacarrier
|
| 520 |
|
|
|a Love blossoms and grows between a crippled girl and a troubled botanist who has abandoned turn-of-the-century Boston for a life in the southern Appalachians.
|
| 650 |
|
1 |
|a Mountain life
|x Fiction.
|
| 650 |
|
1 |
|a Botany
|x Fiction.
|
| 651 |
|
1 |
|a Appalachian Mountains
|x Fiction.
|
| 999 |
|
|
|a MARS
|
| 999 |
f |
f |
|s 43d740c6-9a0b-3622-9824-776330c1b909
|i 026aa10a-ec61-37ae-8a09-35ca4e27403e
|t 0
|
| 952 |
f |
f |
|p normal
|a Texas A&M University
|b College Station
|c Sterling C. Evans Library
|d Evans: Curriculum Collection (4th floor)
|t 0
|e PZ7.L5143 Pe
|h Library of Congress classification
|i unmediated -- volume
|m A14806055123
|
| 998 |
f |
f |
|a PZ7.L5143 Pe
|t 0
|l Evans: Curriculum Collection (4th floor)
|